Statistics for Famous People from Arkansas

Click here to take the quiz!

General Stats

  • This quiz has been taken 302 times
    (99 since last reset)
  • The average score is 5 of 8

Answer Stats

Clue Hometown Arkansawyer % Correct
42nd U.S. PresidentHot SpringsBill Clinton
100%
He walked the line, but fell into a burning ring of fireDyessJohnny Cash
86%
Walmart founderBentonvilleSam Walton
76%
Former husband of Angelina JolieAlpine/MalvernBilly Bob Thornton
59%
Michael Jordan's sidekick?HamburgScottie Pippen
57%
Legendary University of Alabama football coachFordyceBear Bryant
51%
Former governor and 2008 Presidential hopefulHopeMike Huckabee
47%
Hard-drinking golfer who was the first person to average
over 300 yards per drive on the PGA tour
DardanelleJohn Daly
42%

Score Distribution

Percentile by Number Answered

Percent of People with Each Score

Your Score History

You have not taken this quiz since the last reset